Enlace VPN con administración centralizada implementando protocolos de seguridad para la Corporación Universitaria Rafael Núñez (encriptando la información bajo IPsec y L2tp) / (Registro nro. 4813)
[ vista simple ]
| 000 -LEADER | |
|---|---|
| fixed length control field | 02959nam a2200301 i 4500 |
| 005 - DATE AND TIME OF LATEST TRANSACTION | |
| control field | 20250329165448.0 |
| 007 - PHYSICAL DESCRIPTION FIXED FIELD--GENERAL INFORMATION | |
| fixed length control field | ta |
| 008 - FIXED-LENGTH DATA ELEMENTS--GENERAL INFORMATION | |
| fixed length control field | 170718s2020 000 0 eng d |
| 040 ## - CATALOGING SOURCE | |
| Original cataloging agency | CO-CtgCURN |
| Language of cataloging | spa |
| Transcribing agency | coctgcurn |
| Description conventions | rda |
| 082 0# - DEWEY DECIMAL CLASSIFICATION NUMBER | |
| Classification number | INS 2020 |
| Item number | N778 |
| 100 1# - MAIN ENTRY--PERSONAL NAME | |
| Personal name | Noguera Ocon, Rafael Andres, |
| Relator term | author. |
| Relationship | aut |
| 245 10 - TITLE STATEMENT | |
| Title | Enlace VPN con administración centralizada implementando protocolos de seguridad para la Corporación Universitaria Rafael Núñez (encriptando la información bajo IPsec y L2tp) / |
| Statement of responsibility, etc. | Rafael Andres Noguera Ocon; Keyner Jesus Meza Barrios; Antonio Carlos Mendoza Rojas; director: Marcos Antonio Soto Berrocal. |
| 260 ## - PUBLICATION, DISTRIBUTION, ETC. | |
| Place of publication, distribution, etc. | Cartagena de Indias : |
| Name of publisher, distributor, etc. | Corporación Universitaria Rafael Núñez, |
| Date of publication, distribution, etc. | 2020. |
| 260 #1 - PUBLICATION, DISTRIBUTION, ETC. | |
| Place of publication, distribution, etc. | Cartagena de Indias : : |
| Name of publisher, distributor, etc. | Corporación Universitaria Rafael Nuñez,, |
| Date of publication, distribution, etc. | 2020. |
| 300 ## - PHYSICAL DESCRIPTION | |
| Extent | 55 hojas. |
| 336 ## - CONTENT TYPE | |
| Content type term | text |
| Content type code | txt |
| Source | rdacontent |
| 337 ## - MEDIA TYPE | |
| Media type term | unmediated |
| Media type code | n |
| Source | rdamedia |
| 338 ## - CARRIER TYPE | |
| Carrier type term | volume |
| Carrier type code | nc |
| Source | rdacarrier |
| 504 ## - BIBLIOGRAPHY, ETC. NOTE | |
| Bibliography, etc. note | Trabajo de grado (Ingeniero de Sistemas). Corporación Universitaria Rafael Nuñez. Facultad de Ingenieria. Ingenieria de Sistemas, 2020. |
| 520 ## - SUMMARY, ETC. | |
| Summary, etc. | "Este proyecto es realizado con el fin de brindar una solución para la corporación universitaria Rafael Núñez "C.U.R.N" en cuanto al manejo de información. De acuerdo con lo anterior se dio la tarea de averiguar cuál sera la solución y que además esta sea implementada con protocolos de seguridad. Se recolecto la suficiente información llegando a la conclusión de que la mejor tecnología a implementar era la tecnología VPN caracterizada por su fácil manejo de la información y además que es necesario saberes avanzados para su administración, Ayudando así al manejo de la información y a su vez evitando fugas de esta inicialmente en dos sedes de la universidad, en la investigación se encontró con L2TP que es un protocolo de túnel utilizado para soportar la red virtual privada (VPN) este no provee ningún servicio de encriptado por sí mismo por lo que es necesario unirlo a IPSEC (Internet Protocol security) el cual sera el encargado de autenticar y encriptar cada uno de los paquetes IP de una determinada sesión de comunicación, la ventaja más notable es que IPSEC incluye sus mismos protocolos para el establecimiento de procesos de autenticación mutua entre los involucrados al comienzo de cada sesión y la navegación de claves criptográficas para ser usadas durante cada sesión." |
| 650 #0 - SUBJECT ADDED ENTRY--TOPICAL TERM | |
| Topical term or geographic name entry element | Ingenieria de sistemas |
| General subdivision | Tesis y disertaciones academicas. |
| 700 1# - ADDED ENTRY--PERSONAL NAME | |
| Personal name | Meza Barrios Keyner Jesus. |
| 700 1# - ADDED ENTRY--PERSONAL NAME | |
| Personal name | Mendoza Rojas, Antonio Carlos. |
| 700 1# - ADDED ENTRY--PERSONAL NAME | |
| Personal name | Soto Berrocal, Marcos Antonio, |
| Relator term | director. |
| 856 ## - ELECTRONIC LOCATION AND ACCESS | |
| Uniform Resource Identifier | <a href="https://unicurn.sharepoint.com/:b:/s/biblioteca/ETc0545JS_JBq-HjCPCIJ98BpuU6owoAJzpqRII2MCW3Yw?e=adymiB">https://unicurn.sharepoint.com/:b:/s/biblioteca/ETc0545JS_JBq-HjCPCIJ98BpuU6owoAJzpqRII2MCW3Yw?e=adymiB</a> |
| Public note | Click aqui para ver el recurso en texto completo |
| 942 ## - ADDED ENTRY ELEMENTS (KOHA) | |
| Source of classification or shelving scheme | Dewey Decimal Classification |
| Koha item type | Trabajos de grado |
| Institution code [OBSOLETE] | MHC |
| -- | MHC |
| Source of classification or shelving scheme | Dewey Decimal Classification |
| Classification part | INS 2020 |
| Item part | N778 |
| Withdrawn status | Lost status | Source of classification or shelving scheme | Damaged status | Not for loan | Collection | Home library | Current library | Shelving location | Date acquired | Source of acquisition | Cost, normal purchase price | Total checkouts | Full call number | Barcode | Date last seen | Copy number | Price effective from | Koha item type |
|---|---|---|---|---|---|---|---|---|---|---|---|---|---|---|---|---|---|---|
| Dewey Decimal Classification | Trabajos de grado | Miguel Henríquez Castañeda | Miguel Henríquez Castañeda | Trabajo de grado | 01/06/2019 | El autor | 350000.00 | INS 2020 N778 | 023359 | 01/06/2019 | 1 | 01/06/2019 | Trabajos de grado |